书目信息 |
| 题名: |
Minecraft建筑
|
|
| 作者: | 科尔代鲁 , 纳尔逊 著 ;刘彦良 , 苟靖迪 , 刘静 译 | |
| 分册: | ||
| 出版信息: | 北京 人民邮电出版社 2016 |
|
| 页数: | 195页 | |
| 开本: | 21cm | |
| 丛书名: | ||
| 单 册: | ||
| 中图分类: | G898.3 | |
| 科图分类: | ||
| 主题词: | 电子游戏--Dian Zi You Xi | |
| 电子资源: | ||
| ISBN: | 978-7-115-42180-7 | |
| 000 | 01256nam0 22003251 450 | |
| 001 | 351396 | |
| 005 | 20161012082617.03 | |
| 010 | @a978-7-115-42180-7@dCNY39.00 | |
| 100 | @a20160615d2016 em y0chiy50 ea | |
| 101 | 1 | @achi@ceng |
| 102 | @aCN@b110000 | |
| 105 | @aa z 000yy | |
| 106 | @ar | |
| 200 | 1 | @aMinecraft建筑@AMinecraftJian Zhu@dMinecraft construction for dummies@e巧夺天工@f(美)Adam Cordeiro,(美)Emily Nelson著@g刘彦良,苟靖迪,刘静译@zeng |
| 210 | @a北京@c人民邮电出版社@d2016 | |
| 215 | @a195页@c图@d21cm | |
| 300 | @a达人迷 便携版 全彩印刷 | |
| 306 | @a经与John Wiley & Sons, Inc.协商出版 | |
| 330 | @a本书是非常有趣的Minecraft游戏攻略图书。通过本书,读者可以学习如何建造房屋、桥梁、隧道、花园、密室等建筑,学会高级建筑技术,以及实现农场自动化等。 | |
| 510 | 1 | @aMinecraft construction for dummies@zeng |
| 517 | 1 | @a巧夺天工@AQiao Duo Tian Gong |
| 606 | 0 | @a电子游戏@ADian Zi You Xi |
| 690 | @aG898.3@v5 | |
| 701 | 0 | @c(美)@a科尔代鲁@AKe Er Dai Lu@c(Cordeiro, Adam)@4著 |
| 701 | 0 | @c(美)@a纳尔逊@ANa Er Xun@c(Nelson, Emily)@4著 |
| 702 | 0 | @a刘彦良@ALiu Yan Liang@4译 |
| 702 | 0 | @a苟靖迪@AGou Jing Di@4译 |
| 702 | 0 | @a刘静@ALiu Jing@4译 |
| 801 | 0 | @aCN@bTANGWEI@c20160820 |
| 905 | @b0894680-4@dG898.3@e308@f5 | |
| Minecraft建筑=Minecraft construction for dummies:巧夺天工/(美)Adam Cordeiro,(美)Emily Nelson著/刘彦良,苟靖迪,刘静译.-北京:人民邮电出版社,2016 |
| 195页:图;21cm |
| 达人迷 便携版 全彩印刷 |
| ISBN 978-7-115-42180-7:CNY39.00 |
| 本书是非常有趣的Minecraft游戏攻略图书。通过本书,读者可以学习如何建造房屋、桥梁、隧道、花园、密室等建筑,学会高级建筑技术,以及实现农场自动化等。 |
| ● |
| 相关链接 |
|
|
|
|
正题名:Minecraft建筑
索取号:G898.3/308
 
预约/预借
| 序号 | 登录号 | 条形码 | 馆藏地/架位号 | 状态 | 备注 |
| 1 | 0894680 | 208946809 | 第一样本阅览室/ [索取号:G898.3/308] | 在馆 | |
| 2 | 0894681 | 208946818 | 第四借阅区/ [索取号:G898.3/308] | 在馆 | |
| 3 | 0894682 | 208946827 | 第四借阅区/ [索取号:G898.3/308] | 在馆 | |
| 4 | 0894683 | 208946836 | 第四借阅区/ [索取号:G898.3/308] | 在馆 | |
| 5 | 0894684 | 208946845 | 第四借阅区/ [索取号:G898.3/308] | 在馆 |